Datum a čas kvízu

27 Celkem bodů Celkový počet nahraných bodů na tomto kvízu bez doplňovacích otázek.
4. Pořadí na kvízu Konečné umístění týmu na tomto kvízu.

Zaznamenané odpovědi

# Otázka Odpověď Body Výsledky
1. ODS v pondělí představila svou... 1B 2D 3A 4C 1
2. Donald Trump daroval členům sv... boty 1
3. V poslanecké sněmovně proběhl... v (lidovém) kroji 1
4. Která společnost patřící do na... Orlen Unipetrol 0
5. V závěrečné fázi Ligy mistrů U... Antonín Kinský; Tottenham (Hotspur FC) 1
6. Nejrozšířenějším „národním spo... D 1
7. Za národní sport lze považovat... národní házená (česká házená) 1
8. Některé země mají svůj národní... lakros 1
9. U uzákoněných národních sportů... polo; basketbal 0
10. I medailové úspěchy z olympijs... D 0